00000000cas 2200000zi 4500
0019.962879
003CaOODSP
00520260529102302
006m     o  d f      
007cr cn ||||||||
008260515c20209999oncar p o    f0   a0eng|d
022 |a3111-1513
040 |aCaOODSP|beng|erda|cCaOODSP
043 |an-cn---
0861 |aCi1-29/1E-PDF
1101 |aCanada. |bImmigration, Refugees and Citizenship Canada, |eauthor, |eissuing body.
222 0|aImmigration, Refugees and Citizenship Canada’s Departmental results report... Supplementary information tables
24510|aSupplementary information tables : |bImmigration, Refugees and Citizenship Canada's ... departmental results report /
264 1|a[Ottawa] : |bImmigration, Refugees and Citizenship Canada, |c[2021]-
310 |aAnnual
336 |atext|btxt|2rdacontent
338 |aonline resource|bcr|2rdacarrier
3621 |aBegan with: 2020/2021.
500 |aIssued also in French under title: Tableaux de renseignements supplémentaires : rapport sur les résultats ministériels.
500 |aSome issues are only available in HTML format.
588 |aDescription based on: 2020/2021; title from HTML header.
588 |aLatest issue consulted: 2024/2025.
61010|aCanada. |bImmigration, Refugees and Citizenship Canada|xAppropriations and expenditures|vPeriodicals.
651 0|aCanada|xEmigration and immigration|xGovernment policy|vPeriodicals.
655 7|aPeriodicals|2lcgft
77508|tTableaux des renseignements supplémentaires : |w(CaOODSP)9.962882